| 000 | 01223nem a2200265 i 4500 | ||
|---|---|---|---|
| 001 | 73283 | ||
| 003 | ES-MaACL | ||
| 005 | 20250907063048.0 | ||
| 007 | a | ||
| 008 | 040924s1832 sp b | |0| ||spa d | ||
| 080 | _a(464.1 Madrid) | ||
| 100 | 1 |
_aLópez, Juan, _d1765-1830 _9145835 |
|
| 245 | 1 | 0 |
_aPlano de Madrid dividido en diez quarteles [ _hMaterial cartográfico] / _cpublícale el geógrafo Dn. Juan López ; delineado por D. Pedro Lezcano y Carmona ; gravado [sic] por Fonseca en el año de 1812... 1832. |
| 246 | 3 |
_aPlano de Madrid [ _hMaterial cartográfico] _f1832 |
|
| 255 | _aEscala [ca. 1:7.000]. 3000 pies castellanos [= 11 cm]. | ||
| 300 |
_a1 plano : _bgrab. ; _c50 x 60 cm. |
||
| 592 | _aOrientado. - Relieve por sombreado. - Cultivos y arbolado representados. | ||
| 597 | _aCortado en cuadrículas y forrado en tela; conservado en estuche. | ||
| 651 | 4 |
_aMadrid- _vPlanos- _yS.XIX. _98977 |
|
| 700 | 1 |
_aLezcano y Carmona, Pedro. _9145843 |
|
| 700 | 1 |
_aFonseca, José, _dfl. 1791-1807 _9145844 |
|
| 852 |
_aES-MaACL _jF-5352 |
||
| 856 |
_uhttp://bibliotecadigitalhispanica.bne.es:80/webclient/DeliveryManager?pid=89464&custom_att_2=simple_viewer _zIr a la página |
||
| 999 |
_c73283 _d73283 |
||